Представление документа в формате RUSMARC

ПолеНазваниеЗначение
  Тип записи a
  Библиографический уровень a
001 Контрольный номер RU/CBS_UL/BASE/558731407
005 Дата корректировки 20240209175216.3
100 Данные общей обработки __
a Данные общей обработки 20170914d2017 ||| 0rusy0189 ca
101 Язык документа 0_
a Язык текста rus
102 Страна публикации __
a Страна публикации RU
105 Кодированные данные (монография) __
a Кодированные данные (монография) y###||||000|y
200 Заглавие и сведения об ответственности 1_
a Заглавие Марк Розовский: "Наш театр демократичный..."
b Общее обозначение материала Текст
e Сведения, относящиеся к заглавию [интервью с художественным руководителем московского театра "У Никитских ворот" накануне юбилея]
f Первые сведения об ответственности Т. Тюрина
300 Общие примечания __
a Общие примечания Ограничения по возрасту - 16+
461 Уровень набора _0
1 2000
a Клуб
463 Уровень физической единицы _0
1 001RU/CBS_UL/BASE/555254375
1 2000
a № 7
v С. 3-7 : цв. фото
1 210
d 2017
600 Персоналии _0
a Персоналии (Фамилия) Розовский
b Персоналии (Имя, инициалы) М.Г.
606 Тематические рубрики 0_
a Основная рубрика Розовский, Марк Григорьевич (1937)
y Географическая подрубрика Москва, город
610 Ключевые слова 0_
a Ключевые слова театры
a Ключевые слова театры российские
a Ключевые слова театры московские
a Ключевые слова У Никитских ворот (театры)
a Ключевые слова художественные руководители театральные
a Ключевые слова театры драматические
a Ключевые слова народные артисты
a Ключевые слова спектакли театральные
a Ключевые слова постановки театральные
686 Индексы других классификаций __
a Классификационный индекс 85.334.3(2)6
2 Код системы ББК
700 Автор _1
a Фамилия Тюрина
b Имя (инициалы) Т.
801 Источник записи _0
a Страна RU
b Организация МБУК ЦБС г. Ульяновска
c Дата составления 20170914
g Правила каталогизации RCR
801 Источник записи _1
a Страна RU
b Организация МБУК ЦБС г. Ульяновска
c Дата составления 20170914
g Правила каталогизации RCR
901 Тип документа __
t Тип документа b
w Контрольный № источника RU/CBS_UL/BASE/555254375
910 Корректоры записи __
a Корректор записи Библиотека 1
938 Служебная информация __
a Имя БД period